000 00736nam a2200229Ia 4500
001 9991
003 GE_BSU
008 181216s||||||||xx |||||||||||||| ||und||
040 _cGE_BSU
080 _a821.353.1–1
100 _aრუსთაველი,შოთა
245 _aვეფხისტყაოსანი
245 _bპოემა
245 _cპავლე ინგოროყვას რედაქციითა და შენიშვნებით
260 _aთბილისი
260 _bსაბჭ.მწერალი
260 _c1953
300 _a517გვ.18სმ.
653 _aვეფხისტყაოსანი
653 _aპოემა
942 _cBK
999 _c43264
_d43264